Central Library OPAC University of Rajshahi

Social policy / (Record no. 60128)

MARC details
000 -LEADER
fixed length control field 00851nam a2200277 a 4500
001 - CONTROL NUMBER
control field 60128
003 - CONTROL NUMBER IDENTIFIER
rucl marc code BD-RjUL
005 - DATE AND TIME OF LATEST TRANSACTION
control field 20211209080816.0
008 - FIXED-LENGTH DATA ELEMENTS--GENERAL INFORMATION
fixed length control field 161228s2012 enka b 001 0 eng
020 ## - INTERNATIONAL STANDARD BOOK NUMBER
International Standard Book Number 9780199570843 (pbk.)
International Standard Book Number 0199570841 (pbk.)
035 ## - SYSTEM CONTROL NUMBER
System control number (BD-RjUL)60252
040 ## - CATALOGING SOURCE
Original cataloging agency DLC
Transcribing agency DLC
Language of cataloging eng
041 ## - LANGUAGE CODE
Language code of text/sound track or separate title eng
082 04 - DEWEY DECIMAL CLASSIFICATION NUMBER
Classification number 361.610941
Author mark and year SOC 2012
245 00 - TITLE STATEMENT
Title Social policy /
Statement of responsibility, etc. edited by John Baldock ... [et al.].
250 ## - EDITION STATEMENT
Edition statement 4th ed.
260 ## - PUBLICATION, DISTRIBUTION, ETC. (IMPRINT)
Place of publication, distribution, etc. Oxford ;
-- New York :
Name of publisher, distributor, etc. Oxford University Press,
Date of publication, distribution, etc. 2012.
300 ## - PHYSICAL DESCRIPTION
Pagination xxiii, 561 p. :
Illustrations ill. ;
Size 27 cm.
500 ## - GENERAL NOTE
General note Previous ed.: 2007.
504 ## - BIBLIOGRAPHY, ETC. NOTE
Bibliography, etc Includes bibliographical references (p. [511]-538) and index.
650 #0 - SUBJECT ADDED ENTRY--TOPICAL TERM
Topical term or geographic name as entry element Social policy.
Geographic subdivision Great Britain
9 (RLIN) 178973
700 1# - ADDED ENTRY--PERSONAL NAME
Personal name Baldock, John,
Dates associated with a name 1948-
942 ## - ADDED ENTRY ELEMENTS (KOHA)
Source of classification or shelving scheme Dewey Decimal Classification
Koha item type Books
Holdings
Lost status Source of classification or shelving scheme Damaged status Not for loan Collection code Permanent Location Current Location Shelving location Date acquired Source of acquisition Cost, normal purchase price Total Checkouts Full call number Date last seen Copy number Koha item type
  Dewey Decimal Classification   Not For Loan Non-fiction Central Library, University of Rajshahi Central Library, University of Rajshahi Reading Room 02/07/2013 Space marketing comm., Dhaka 3780.00   361.610941 SOC 2012 28/12/2016 C-1 Books